00878nam a2200193 a 450000100100000000500170001000800410002704000250006810000450009324500660013826000510020430000210025549000200027683000270029604900090032395201660033295201690049899900170066700003141320240322181140.0110622s1939 dr 000 0 spa d aDO-SdBNPbspacBNPHU1 aNolasco, Flérida de,d1891-197693515110aDe música Española y otros temas /cFlérida de Nolasco. aSantiago de Chile :bEdiciones Ercilla,c1939. a106 p. ;c18 cm.1 aContemporáneo 0aContemporáneo923780 aBNPD 0010718PDaPDbPDcCTd2011-06-22iLF1l0o p31413-10r2020-06-25w2020-06-25yLFPDzPerteneció a la biblioteca personal de Julio Ortega FrierZNo se presta 0010718PDaPDbPDcCTd2013-06-03he. 2iLF1l0o p31413-20r2020-06-25w2020-06-25yLFPDzPerteneció a la biblioteca personal de Martínez BoogZNo se presta c30905d30905